00602nam a22001931 450000100060000000300080000600500170001400800390003103500190007004000360008904100080012508200240013310000230015724500790018026000510025930000580031050400200036865000200038812216BD-RjUL20211208235244.0140128s1964 azuabf s001 0 eng a(BD-RjUL)12265 aDLC/ICUcICUdDLCdBD-RjULbeng aeng00a598.29791bPHB 19641 aPhillips, Allan R.14aThe birds of Arizona /cby Allan Phillips, Joe Marshall [and] Gale Monson. aTucson :bUniversity of Arizona Press,cc1964. axviii, 212 p. :billus., maps, col. plates. ;c32 cm. aIncludes Index. 0aBirdszArizona.